| 000 | 00777nam a2200253Ia 4500 | ||
|---|---|---|---|
| 003 | OSt | ||
| 005 | 20220926040442.0 | ||
| 006 | a|||||r|||| 00| 0 | ||
| 007 | ta | ||
| 008 | 220923b |||||||| |||| 00| 0 eng d | ||
| 037 | _cGeneral Book | ||
| 040 |
_aRTL _cRTL _beng |
||
| 041 |
_2eng _aeng |
||
| 082 | _aX:31:(B), K4 | ||
| 110 |
_aUnited states Congress,Joint economic committee _9323011 |
||
| 245 | 0 | _aMeruring the Nations Wealth | |
| 260 | _c1964 | ||
| 300 |
_axxxi,835p _ccm. |
||
| 490 | _aNational Bureau of economic Research<Studiesin Income and Wealth,29 | ||
| 650 |
_aNational Income United States _9231720 |
||
| 700 |
_aUnited states Congress,Joint economic committee _9323012 |
||
| 942 |
_hX:31:(B), K4 _cGB _2CC |
||
| 999 |
_c664790 _d664790 |
||